000 00562nam a2200193Ia 4500
005 20250326144520.0
008 250326s9999 xx 000 0 und d
037 _aTextbook
040 _aFMSL
_beng
_cFMSL
041 _aeng
_2eng
084 _aX:8y7 P9;1
_qFMSL
100 _aTodnem R
_9749788
245 0 _aManaging organizational chage in public services
_cTodnem R; Macleod C
260 _aLondon
_bLondon, Routledge
_c2009
365 _b575.52009999999996
650 _aManagement
942 _cTB
_hX:8y7 P9;1
999 _c1304003
_d1304003